Quizzes
Events
Quiz Creation
Community
Videos
Private Events
Remove Ads
Sign In
Join for FREE
Feedback
Dark Mode
Quiz Categories
Sports
Geography
Music
Movies
Television
Just For Fun
Miscellaneous
History
Literature
Language
Science
Gaming
Entertainment
Religion
Holiday
For Kids
Quiz Lab
Recent
Popular Today
Quiz Kudos Today
Editor Picks
Curator Picks
Quizzes by...
Day
Popularity
Type
Ratings
Length
Year
Community
Subscriptions
Recent Discussions
Orange Saloon
Badges
Playlists
Quests
Create
Leaderboards
Showdown
Live 5
Trivia Bingo
Activity
Puzzle Library
Sporcle Events
Private Events
Virtual Trivia
Globe League
Become a Host
Pub Owners
SporcleCon
Opinionation
Our Games
Videos
Blog
Mobile Apps
Partnerships
Remove Ads and Go Orange
Feedback
Music
Pop Music
The Beatles
Song
Album
Lyrics
Bands
Singers
Artist
Clip
Rock
Rap
Classical
Billboard
Country Music
Kpop
Taylor Swift
Music
Pop Music
The Beatles
Song
Album
Lyrics
Bands
Singers
Artist
Clip
Rock
Rap
Classical
Billboard
Country Music
Kpop
Taylor Swift
Random Quiz
Search Sporcle
×
Quiz Lab
Quiz Lab
Music
lake
Type in answers that appear in a list
Type in answers that appear in a list
Classic
Best Score? Go Orange.
Naked in a Lake Lyrics Starkid Stats
Can you name the lyrics to Naked in a Lake from Starkid's The Trail to Oregon!
By
rainbow10
10m
300 Questions
392 Plays
392 Plays
392 Plays
Comments
Comments
Give Quiz Kudos
Give Quiz Kudos
-
- Ratings
hide this ad
More Info
Replay
Link that replays current quiz
Next Quiz
Link to next quiz in quiz playlist
You Got
0%
They Got
Avg Score
80%
Avg Friend Score
Upgrade to see
Score Distribution
Jump to the score distribution portion of the page
Score
0/300
Timer
10:00
0
Plays Today
Answer
% Correct
the
99.7%
the
99.7%
the
99.7%
the
99.7%
the
99.7%
the
99.7%
the
99.7%
Come
99%
on,
99%
come
99%
on,
99%
a
99%
a
99%
come
99%
a
99%
a
99%
Come
99%
on,
99%
Come
99%
on,
99%
come
99%
a
99%
a
99%
a
99%
water
98.7%
water
98.7%
just
98%
just
98%
just
98%
I
97.4%
I
97.4%
I
97.4%
I
97.4%
I
97.4%
I
97.4%
water's
97.2%
let's
97.2%
have
97.2%
let's
97.2%
water's
97.2%
have
97.2%
Let's
97.2%
Let's
97.2%
have
97.2%
right.
96.9%
You
96.9%
you
96.9%
you.
96.9%
you
96.9%
let
96.9%
you
96.9%
You
96.9%
you
96.9%
you
96.9%
You
96.9%
You
96.9%
you
96.9%
in
96.7%
in,
96.7%
in
96.7%
in,
96.7%
in
96.7%
in
96.7%
in
96.7%
in
96.7%
in
96.7%
in a
96.7%
naked, yeah you're naked in a lake.
96.4%
naked, yeah
96.4%
naked,
96.4%
naked
96.4%
naked, yeah!
96.4%
naked
96.4%
naked, yeah! Let's get naked in a lake.
96.4%
fight.
96.2%
buddy,
95.4%
So
95.4%
buddy,
95.4%
can
94.4%
can
94.4%
can
94.4%
can
94.4%
can
94.4%
can
94.4%
your
94.1%
your
94.1%
your
94.1%
get
94.1%
get
94.1%
your
94.1%
your
94.1%
your
94.1%
your
94.1%
get
94.1%
get
94.1%
get
94.1%
your
94.1%
your
94.1%
your
94.1%
your
94.1%
Answer
% Correct
Yabba dabba doo!
93.9%
lake. x 7
93.4%
lake.
93.4%
lake.
93.4%
and
91.3%
or
91.3%
or
91.3%
and
91.3%
and
91.3%
and
91.3%
And
91.3%
And
91.3%
if
91.1%
if
91.1%
If
91.1%
you're
90.8%
you're
90.8%
you're
90.8%
splash
90.6%
splash
90.6%
to
90.3%
to.
90.3%
to
90.3%
to
90.3%
to
90.3%
We
89%
nothing
88.8%
it,
88.8%
nothing
88.8%
nothing
88.8%
it
88.8%
it
88.8%
it
88.8%
it
88.8%
old.
88.5%
some
87.8%
skinny
87.8%
some
87.8%
some
87.8%
fat
87.2%
there's
86.2%
there's
86.2%
fun
86%
when
86%
when
86%
when
86%
It's
83.9%
It's
83.9%
it's
83.9%
It's
83.9%
it's
83.9%
getting
83.4%
of
83.4%
Getting
83.4%
of
83.4%
Splashy x2,
82.7%
more
82.7%
sun.
82.1%
feel
82.1%
feel
82.1%
All
81.9%
this
81.9%
all
81.9%
this
81.9%
for
81.6%
for
81.6%
around,
81.4%
around,
81.4%
do
81.4%
do
81.4%
Marco Polo
81.1%
than
80.9%
jump
80.9%
Grandpa,
80.9%
jump
80.9%
ever
80.1%
dress!
79.3%
finally
79.1%
want
78.8%
Everybody
78.3%
Everybody
78.3%
Mouthface,
78.3%
know
78.3%
Everybody
78.3%
Everybody
78.3%
toes.
78.1%
is
77.8%
between
77.6%
good
77.6%
wrestling
77.3%
dropping
77%
hold.
76.8%
hold
76.8%
lose
76.3%
way
76%
way
76%
way.
76%
'cause
75.8%
my
75.8%
super
75.8%
Answer
% Correct
sexual,
75.8%
'cause
75.8%
super
75.8%
act
75%
away
74.5%
clothes.
74%
got
73.7%
time
73.7%
time
73.7%
got
73.7%
actual.
73%
wet!
72.7%
life
72.4%
life
72.4%
Put
72.2%
take
72.2%
take
72.2%
trou
71.9%
day.
71.2%
beat
71.2%
diaper's
71.2%
won't
70.7%
birthday
70.4%
judge
70.4%
glory.
70.4%
you've
70.2%
play,
69.6%
wash
69.4%
guy
69.4%
freckles
69.1%
but
69.1%
But who cares? Cause we're naked, yeah we're naked
69.1%
pudge,
68.6%
one
68.4%
little
68.1%
problems
67.6%
only
67.6%
even
67.3%
even
67.3%
promise
66.8%
rest
66.6%
alone,
66.6%
him
66.3%
jingle jangle.
66.3%
see
66.3%
see
66.3%
today!
65.8%
body
65.6%
starting
65.1%
spend
64.5%
wearing
63.8%
better
63%
free
62.5%
parts.
62.5%
any
62.5%
dark,
62.2%
other
62.2%
wouldn't
61.5%
Everybody's
59.4%
off
59.4%
everybody's
59.4%
They
58.9%
did
58.2%
Rome.
58.2%
story.
57.4%
cool
57.1%
Ancient
56.9%
bath!
56.6%
gets
56.4%
find
55.4%
are
55.1%
vacay
54.6%
mini
53.6%
oldest
52.3%
woods
51.5%
breath.
51%
fins!
50.8%
swim,
49.5%
how
49.2%
rich
49.2%
sandals.
48%
long
48%
kicking
46.4%
orgy
46.4%
fest.
45.9%
stressed,
45.7%
Oregich.
44.9%
like
41.1%
use
40.6%
H2
40.6%
toys,
40.1%
out,
37%
raft
34.9%
head,
34.7%
we're naked in a lake x6
34.7%
dunk
33.4%
try
32.7%
floating
31.6%
flip
25%
Being naked, yeah super naked
24.7%
Quiz Playlist
Details
Report
Send in Message
Add To Playlist
More Info:
Because of the 300 answer limit, I had to improvise a bit and condense several of the lyrics - sorry about that. The daughter's name is Mouthface.
Classic:
Type in answers that appear in a list
Last Updated: Feb 16, 2017
Quiz Scoreboard
CHALLENGE
Sign Up to Join the Scoreboard
Show All
Scores
Hide
Comments
May contain spoilers
Recently Published
Movies - When Are They Set?
by FPL_Elf
Movies
5m
Popular People in 1961
by mucciniale
History
6m
1-10 Letter E Words III
by El_Dandy
Language
2m
More to Explore
Quiz From the Vault
Featured Blog Post
Where Did the Easter Bunny Come From?
hide this ad
You Might Also Like...
Tags
lake
Naked
oregon
starkid
trail
Today's Top Quizzes in Music
Browse Music
hide this ad
Today's Top Quizzes in lake
Browse lake
Top Contributed Quizzes in Music
1
Taylor Swift All Songs (2024)
2
2010s Album by Cover III
3
One Thing in Common: Music
4
Guess the Artist- 70s Songs
5
Taylor Swift Logic Puzzle
6
Guess the Taylor Swift song (Mystery Song)
7
2010s Album by Cover IV
8
2010s Album by Cover V
9
KPOP LOGIC QUIZ
10
2010s Album by Cover VI
Explore More
Trending Topics
NBA
Kpop
Disney
Crossword
Harry Potter
Anime
Marvel
Puzzle
Song
Country
NFL
Soccer
Pokémon
WWE
The Office
hide this ad
More By:
rainbow10
Quiz
Plays
Rating
Category
Featured
Created
Double Letter Geography
53,646
4.55
Geography
Feb 10, 2014
Ultimate Geography Quiz Part 1
5,845
3.50
Geography
Apr 6, 2013
Ultimate Geography Quiz Part 2
5,009
4.33
Geography
Apr 6, 2013
First Vowel 'A' Geography
4,227
4.44
Geography
Sep 9, 2015
Those Dam Sentences!
4,085
4.50
Literature
Mar 5, 2015
Go to Creator's Profile
Score Distribution
Quiz Creator Spotlight
rainbow10
Follow
Send a Message
Quizzes Created
-
Created Quiz Play Count
-
More By This Creator
Popular Quizzes Today
1
Find the Countries of Europe - No Outlines Minefield
2
Find the US States - No Outlines Minefield
3
The Countries of the World
4
Popular People in 1961
5
1-10 Letter E Words III
6
US States
7
Find the US States
8
One Thing in Common: World Cities II
More Music Quizzes
Missing Image or Not: Michael Jackson Songs
Quiz Lab
Trending Quizzes
Risky Map Clicking: Least Populous States A-Z
Humor Books: The Subtitles
1-10 Letter F Words
1-10 Letter G Words
One Thing in Common: United Kingdom
Recently Updated
Leaping Animals
pecheneg
Reality TV Shows (A-Z)
bhenderson79
Rickey Henderson's Hall of Fame Teammates
pecheneg
Champions League XIs: Arsenal
pecheneg
Quick Pick: Celebrities in WWE's Hall of Fame
aduchscher
A-Z Keypad Blitz II
pecheneg
Multiple Oscar Actors
pecheneg
Mystery Phrase Blitz: Oscar 'Best Actors'
pecheneg
F. Scott Fitzgerald Novels
LTH
Pick 3 Villains
ddd62291
Trending Topics
Marvel
Disney
Kpop
NBA
Anime
Harry Potter
Crossword
Country
The Office
Song
Pokémon
NFL
Puzzle
Soccer
WWE
Your Account Isn't Verified!
In order to create a playlist on Sporcle, you need to verify the email address you used during registration. Go to your
Sporcle Settings
to finish the process.
Report this User
Report this user for behavior that violates our
Community Guidelines
.
Details:
Send Report
Go to the Sporcle.com Mobile Site →
Comments